| 000 | 00585nam a2200193 a 4500 | ||
|---|---|---|---|
| 001 | 2012 | ||
| 005 | 20140414132040.0 | ||
| 008 | 050216s19uu xx 00 eng d | ||
| 020 | _a0-8136-7299-6 | ||
| 050 |
_aBB _bEA7 1993 |
||
| 100 | _aWalker Colin | ||
| 245 |
_aThe earth's surface / _cwritten by Colin Walker ; illustrated by Sally Simons. |
||
| 260 |
_aCleveland, Ohio : _bModern Curriculum Press, _c1993. |
||
| 300 | _a16 p. : ill. ; cm. | ||
| 440 | _aConcept Science | ||
| 650 |
_aEarth _xJuvenile literature. |
||
| 650 |
_aSciences _xJuvenile literature. |
||
| 999 |
_c113837 _d113837 |
||